Shaping the corporate future : Leading executives share their vision and strategies

Bibliographic Details
Main Author: Barham, Kevin
Other Authors: Rassam, Clive
Format: Book
Published: London : Unwin Hyman , 1989
Subjects:

MARC

LEADER 00000cam a2200000 7i4500
001 0000001885
005 20050430.0
040 |a INS 
090 0 0 |a HD70.E8   |b B37 1989 
100 1 |a Barham, Kevin 
245 1 0 |a Shaping the corporate future :   |b Leading executives share their vision and strategies   |c Kevin Barham & Clive Rassam 
260 |a London :   |b Unwin Hyman ,   |c 1989 
300 |a 245p ;   |c 24cm. 
500 |a Includes index & Bibliography 
650 0 0 |a Companies, Management   |x Case Studies 
700 1 |a Rassam, Clive 
999 |a 0000003522   |b BOOK   |c Open Shelf   |e Default branch